| 000 | 00377 a2200145 4500 | ||
|---|---|---|---|
| 005 | 20250610082712.0 | ||
| 020 | _a978-1-305-57624-7 | ||
| 082 | _a338.04 KUR | ||
| 100 | _aKURATKO,D. | ||
| 245 | _aEntrepreneurship: Theory, Process, Practice | ||
| 250 | _a10th Ed. | ||
| 260 |
_aNew York. _bCENGAGE Learning _c2017 |
||
| 300 |
_axv,465p.; picture _bIndex _c28cm |
||
| 942 |
_2ddc _cBKS |
||
| 999 |
_c3387 _d3387 |
||